| 000 | 00513nam a22001697a 4500 | ||
|---|---|---|---|
| 003 | OSt | ||
| 005 | 20220930183548.0 | ||
| 008 | 220930b |||||||| |||| 00| 0 eng d | ||
| 020 | _a978-88-317-9256 | ||
| 040 | _cBiblioteca Lado V | ||
| 082 |
_a700.74 _bED23t |
||
| 100 |
_950 _aEditori, Marsilio |
||
| 245 |
_aThink with the senses feel with the mind/ _bart in the present tense/ |
||
| 260 |
_aOxford _bWindsor Books _c2007 |
||
| 300 |
_a340p. _c23x25cm |
||
| 942 |
_2ddc _c1 _h700.74 _iED23t _n0 |
||
| 999 |
_c2161 _d2161 |
||